| 000 | 00435nam a22001817a 4500 | ||
|---|---|---|---|
| 003 | CEME | ||
| 005 | 20210628202748.0 | ||
| 008 | 210204b xxu||||| |||| 00| 0 eng d | ||
| 020 | _a0-14--62046-X | ||
| 040 | _c. | ||
| 082 | _a823 DIC | ||
| 100 |
_aDickens, Charles _9386 |
||
| 245 | _aOliver twist, penguin popular classic | ||
| 260 | _bPENGUIN BOOKS | ||
| 300 | _a511P | ||
| 650 |
_aENGLISH LITERATURE _9318 |
||
| 942 |
_cBK _2ddc |
||
| 999 |
_c570927 _d570927 |
||